000 nam a22 7a 4500
999 _c8053
_d8053
008 171125b xxu||||| |||| 00| 0 eng d
020 _a9791890050640
100 _aRidgway
_94503
245 _aCooking with Praise
260 _aNew York
_bRodgeway Publishing
_c2001